Les 20 villes les plus peuplées du Var sur une carte - Statistiques

Statistiques générales
  • Ce quiz a été pris 256 fois
  • Le résultat moyen est 11 sur 20
Réponses sur la Carte
Les réponses sont colorées sur une échelle allant du rouge au vert en fonction du pourcentage des utilisateurs qui les ont devinées à leur premier essai. Vous pouvez retrouver ces pourcentages ci-dessous.
 
Statistiques - réponses
Habitants Ville % Correct
180 452 Toulon
98%
55 103 Hyères
90%
57 082 Fréjus
84%
62 763 La Seyne-sur-Mer
80%
39 745 Draguignan
78%
35 950 Saint-Raphaël
78%
17 664 Brignoles
61%
25 912 La Garde
52%
36 203 Six-Fours-les-Plages
52%
17 268 Sanary-sur-Mer
50%
23 955 La Valette-du-Var
48%
14 433 Sainte-Maxime
48%
12 103 Saint-Cyr-sur-Mer
39%
19 179 La Crau
38%
14 011 Ollioules
38%
17 631 Saint-Maximin-la-Sainte-Baume
38%
12 080 Solliès-Pont
32%
14 448 Roquebrune-sur-Argens
31%
12 550 Cuers
29%
12 573 Vidauban
21%
Aucun quiz correspondant
Distribution des résultats
% des personnes avec chaque résultat
Percentile par nombre de réponses
Votre historique - résultats
Vous n’avez pas pris ce quiz